000 00631nam a2200229Ia 4500
003 OSt
005 20220928123947.0
006 a|||||r|||| 00| 0
007 ta
008 220927b |||||||| |||| 00| 0 eng d
024 _a43309
037 _cTextual
040 _aSDCL
_cSDCL
_beng
041 _2eng
_aeng
082 _aSM,8.2'N8, M1
100 _aPandey Janak Ed.
245 0 _aPerspectives on experimental social psychology in India.
260 _aNew Delhi
_bConcept Publishing
_c1981
300 _axv,280p.
_ccm.
942 _hSM,8.2'N8, M1
_cTEXL
_2CC
999 _c775621
_d775621